000 00467nam a2200181Ia 4500
001 8649
005 20260306160625.0
008 260306t2016||||xx |||||||||||||| ||spa||
041 _aESP
082 _a371.207
_bI42
100 _aImbernón Muñoz, Francisco
_eAUT
245 0 _aDiseño, desarrollo y evaluación de los procesos de formación
260 _c2016
300 _a198 páginas :
_c23 cm.
650 _aGEN
654 _aCED
942 _cLIB
_dJUS
_fJUS
_2ddc
_n
999 _c8649
_d8649